Plus long que Lecornu I - Mort Subite - Statistiques

Statistiques générales
  • Ce quiz a été pris 177 fois
  • Le résultat moyen est 2 sur 12
Answers on the Grid
Answers color-coded by a green-red scale on the quiz's grid according to % correct below.
La guerre anglo-zanzibarite de 1896
L'Ultra-Trail du Mont Blanc
Les effets de la MDMA
Le film bangladais "Amra Ekta Cinema Banabo"
Un trajet en Flixbus Paris-Rome
Le temps de préparation d'un couscous
Autonomie de la batterie d'un Iphone 15
Durée de vie de l’éphémère (insecte)
Le plus long accouplement de phasmes de l'histoire
Un vol Paris-Singapour
Le gouvernement Ribot IV (IIIe République française)
L'album "The Rise and Fall of Bossanova" de Michael J Bostwick
Le record du plus long baiser du monde
Autonomie d'un avion Rafale
La plus longue journée de l'année en heures d'ensoleillement
L'Aïd el-Fitr
Un repas de famille
La durée du record de jonglage du britannique Dan Magness en 2009
La traversée des rois mages pour rencontrer Jésus
Les performances de Rilès pour vendre un album
 
Statistiques - réponses
Réponse % Correct
L'Ultra-Trail du Mont Blanc
53%
Les performances de Rilès pour vendre un album
24%
L'Aïd el-Fitr
23%
La traversée des rois mages pour rencontrer Jésus
23%
Un trajet en Flixbus Paris-Rome
21%
Autonomie de la batterie d'un Iphone 15
19%
La plus longue journée de l'année en heures d'ensoleillement
17%
Le record du plus long baiser du monde
16%
Le film bangladais "Amra Ekta Cinema Banabo"
13%
La durée du record de jonglage du britannique Dan Magness en 2009
12%
Le plus long accouplement de phasmes de l'histoire
12%
Le gouvernement Ribot IV (IIIe République française)
5%
Aucun quiz correspondant
Distribution des résultats
% des personnes avec chaque résultat
Percentile par nombre de réponses
Votre historique - résultats
Vous n’avez pas pris ce quiz